| 000 | 01267cam a2200289 a 4500 | ||
|---|---|---|---|
| 005 | 20170601175737.0 | ||
| 008 | 990521s1998 ck ao r 00010 spa d | ||
| 020 | _a9589129455 | ||
| 040 |
_ala _cla _dCO-BoIAVH |
||
| 041 | 0 | _aspa | |
| 044 | _ack | ||
| 082 | 0 | 4 |
_a986.19 _bC71o |
| 110 | 2 | _aFondo FEN Colombia | |
| 245 | 0 | 0 |
_aColombia Orinoco / _cDario Fajardo Montaña ... [et al.] ; fotografías y reproducciones Fernando Urbina ... [et al.]. |
| 260 |
_aBogotá (Colombia) : _bFEN Colombia, _c1998. |
||
| 300 |
_a324 páginas: _bilustraciones y fotografías a color ; _c33 x 24 cm. |
||
| 650 | 2 | 6 |
_aRecursos naturales _zOrinoquía (Región, Colombia) |
| 650 | 2 | 6 |
_aPueblos indígenas _zOrinoquía (Región, Colombia) |
| 650 | 2 | 6 |
_aBiodiversidad _zOrinoquía (Región, Colombia) |
| 651 | 6 |
_aOrinoquía (Región, Colombia) _xDescripciones y viajes |
|
| 651 | 6 |
_aOrinoquía (Región, Colombia) _xHistoria |
|
| 651 | 6 |
_aOrinoquía (Región, Colombia) _xVida social y costumbres |
|
| 700 | 1 | _aFajardo Montaña, Darío | |
| 700 | 1 |
_aUrbina Rangel, Fernando, _d1939-, _eilustrador |
|
| 710 | 2 |
_aFondo para la Proteccion del Medio Ambiente "José Celestino Mutis" _bFen |
|
| 942 |
_2ddc _cLIBRO |
||
| 999 |
_c1366 _d1366 |
||